Normal view
MARC view
- ISLAM-SARAH KASHAAF-UL-MAJOOB KASHAAF-UL-MAJOOB
Entry Topical Term
001 - CONTROL NUMBER
- control field: 77091
003 - CONTROL NUMBER IDENTIFIER
- control field: NUST
005 - DATE AND TIME OF LATEST TRANSACTION
- control field: 20210628205815.0
008 - FIXED-LENGTH DATA ELEMENTS
- fixed length control field: 210628|| aca||aabn | a|a d
040 ## - CATALOGING SOURCE
- Original cataloging agency: NUST
- Transcribing agency: NUST
150 ## - HEADING--TOPICAL TERM
- Topical term or geographic name entry element: ISLAM-SARAH KASHAAF-UL-MAJOOB KASHAAF-UL-MAJOOB
670 ## - SOURCE DATA FOUND
- Source citation: Work cat.: (NUST): Syed Ali Bin Usman Al Hajweri Hajweri, Syed Ali Bin Usman 77090, Sarah kashaaf-ul-majoob, 1994
